000 00972nam a2200313Ia 4500
001 Para_2253
003 CHAP
008 220125s1991 xx 000 0 und d
010 _a200836
040 _cCHAP
082 _aPA 635 A53
100 _aAnaya Rosales, Socorro, ed.
_9165686
245 _aPlagas de hortalizas y su manejo en México /
_c ed. por Socorro Anaya Rosales y Néstor Bautista Martínez
260 _aChapingo, Méx. :
_b C.P. Centro de Entomología y Acarología
300 _a250 p.
650 _aControl biológico de plagas
_927587
650 _aControl de plagas
_927595
650 _aCultivos
_x plagas
_930305
650 _aLegumbres
_x México
_9165687
650 _aLegumbres
_x plagas
_965768
700 _aBautista Martínez, Néstor
901 _aPA 635 A53
902 _aA
905 _a0000001991 a 0000000000 00
910 _a1991
942 _cPARA
942 _cPARA
_d1
999 _c200836
_d200836